000 00682nam a2200289Ia 4500
005 20260324141702.0
008 008 260324s9999 xx 000 0 eng d
020 _a9780203811825
037 _aEBOOK
040 _aCRL
040 _beng
040 _cCRL
041 _2eng
041 _aeng
084 _qCRL
100 _aIan Hutchby
_91117404
245 0 _aConfrontation Talk
245 0 _bArguments, Asymmetries, and Power on Talk Radio
260 _bTaylor and Francis
260 _c1996
365 _a
365 _b230
856 _uhttp://www.taylorfrancis.com/books/9780203811825
942 _cEBOOK
999 _c1812475
_d1812475